<?xml version="1.0" encoding="UTF-8"?>
<record
    xmlns:xsi="http://www.w3.org/2001/XMLSchema-instance"
    xsi:schemaLocation="http://www.loc.gov/MARC21/slim http://www.loc.gov/standards/marcxml/schema/MARC21slim.xsd"
    xmlns="http://www.loc.gov/MARC21/slim">

  <leader>00550nam a2200181   4500</leader>
  <controlfield tag="003">CO-ViMGA</controlfield>
  <controlfield tag="008">181029b           ||||| |||| 00| 0 eng d</controlfield>
  <datafield tag="020" ind1=" " ind2=" ">
    <subfield code="a">978-958-56557-0-6</subfield>
  </datafield>
  <datafield tag="040" ind1=" " ind2=" ">
    <subfield code="a">CO-ViMGA</subfield>
    <subfield code="b">spa</subfield>
    <subfield code="c">CO-ViMGA</subfield>
  </datafield>
  <datafield tag="090" ind1=" " ind2=" ">
    <subfield code="a">C ARAm</subfield>
  </datafield>
  <datafield tag="100" ind1="1" ind2=" ">
    <subfield code="a">Arag&#xF3;n Ortega, Adri&#xE1;n Leandro</subfield>
    <subfield code="d">2006 - </subfield>
    <subfield code="9">12902</subfield>
  </datafield>
  <datafield tag="245" ind1="1" ind2="0">
    <subfield code="a">Mis dragones /</subfield>
    <subfield code="c">Adri&#xE1;n Leandro Arag&#xF3;n Ortega</subfield>
  </datafield>
  <datafield tag="250" ind1=" " ind2=" ">
    <subfield code="a">Entreletras</subfield>
  </datafield>
  <datafield tag="260" ind1=" " ind2=" ">
    <subfield code="a">Villavicencio :</subfield>
    <subfield code="b">Entreletras,</subfield>
    <subfield code="c">2018.</subfield>
  </datafield>
  <datafield tag="300" ind1=" " ind2=" ">
    <subfield code="a">53 p. :</subfield>
    <subfield code="b">il. , 24 cm.</subfield>
  </datafield>
  <datafield tag="650" ind1="1" ind2="4">
    <subfield code="a">Cuentos Infantiles Colombianos</subfield>
    <subfield code="9">12706</subfield>
  </datafield>
  <datafield tag="942" ind1=" " ind2=" ">
    <subfield code="2">ddc</subfield>
    <subfield code="c">BK</subfield>
  </datafield>
  <datafield tag="999" ind1=" " ind2=" ">
    <subfield code="c">10446</subfield>
    <subfield code="d">10446</subfield>
  </datafield>
  <datafield tag="952" ind1=" " ind2=" ">
    <subfield code="0">0</subfield>
    <subfield code="1">0</subfield>
    <subfield code="2">ddc</subfield>
    <subfield code="4">0</subfield>
    <subfield code="7">0</subfield>
    <subfield code="8">001</subfield>
    <subfield code="a">MEVIGAEMP</subfield>
    <subfield code="b">MEVIGAEMP</subfield>
    <subfield code="d">2018-10-29</subfield>
    <subfield code="l">0</subfield>
    <subfield code="o">C ARAm</subfield>
    <subfield code="p">35006</subfield>
    <subfield code="r">2018-10-29 00:00:00</subfield>
    <subfield code="t">1</subfield>
    <subfield code="w">2018-10-29</subfield>
    <subfield code="y">BK</subfield>
  </datafield>
  <datafield tag="952" ind1=" " ind2=" ">
    <subfield code="0">0</subfield>
    <subfield code="1">0</subfield>
    <subfield code="2">ddc</subfield>
    <subfield code="4">0</subfield>
    <subfield code="7">0</subfield>
    <subfield code="8">001</subfield>
    <subfield code="a">MEVIGAPOR</subfield>
    <subfield code="b">MEVIGAPOR</subfield>
    <subfield code="d">2018-10-29</subfield>
    <subfield code="l">0</subfield>
    <subfield code="o">C ARAm</subfield>
    <subfield code="p">35007</subfield>
    <subfield code="r">2018-10-29 00:00:00</subfield>
    <subfield code="t">1</subfield>
    <subfield code="w">2018-10-29</subfield>
    <subfield code="y">BK</subfield>
  </datafield>
  <datafield tag="952" ind1=" " ind2=" ">
    <subfield code="0">0</subfield>
    <subfield code="1">0</subfield>
    <subfield code="2">ddc</subfield>
    <subfield code="4">0</subfield>
    <subfield code="7">0</subfield>
    <subfield code="8">001</subfield>
    <subfield code="a">MEVIGACOM</subfield>
    <subfield code="b">MEVIGACOM</subfield>
    <subfield code="d">2018-10-29</subfield>
    <subfield code="l">0</subfield>
    <subfield code="o">C ARAm</subfield>
    <subfield code="p">35008</subfield>
    <subfield code="r">2018-10-29 00:00:00</subfield>
    <subfield code="t">1</subfield>
    <subfield code="w">2018-10-29</subfield>
    <subfield code="y">BK</subfield>
  </datafield>
  <datafield tag="952" ind1=" " ind2=" ">
    <subfield code="0">0</subfield>
    <subfield code="1">0</subfield>
    <subfield code="2">ddc</subfield>
    <subfield code="4">0</subfield>
    <subfield code="7">0</subfield>
    <subfield code="8">004</subfield>
    <subfield code="a">MEVIECAR</subfield>
    <subfield code="b">MEVIECAR</subfield>
    <subfield code="d">2018-10-29</subfield>
    <subfield code="l">0</subfield>
    <subfield code="o">C ARAm</subfield>
    <subfield code="p">35009</subfield>
    <subfield code="r">2018-10-29 00:00:00</subfield>
    <subfield code="t">1</subfield>
    <subfield code="w">2018-10-29</subfield>
    <subfield code="y">BK</subfield>
  </datafield>
  <datafield tag="952" ind1=" " ind2=" ">
    <subfield code="0">0</subfield>
    <subfield code="1">0</subfield>
    <subfield code="2">ddc</subfield>
    <subfield code="4">0</subfield>
    <subfield code="7">0</subfield>
    <subfield code="8">004</subfield>
    <subfield code="a">MEVIECAR</subfield>
    <subfield code="b">MEVIECAR</subfield>
    <subfield code="d">2018-10-29</subfield>
    <subfield code="l">0</subfield>
    <subfield code="o">C ARAm</subfield>
    <subfield code="p">35010</subfield>
    <subfield code="r">2018-10-29 00:00:00</subfield>
    <subfield code="t">1</subfield>
    <subfield code="w">2018-10-29</subfield>
    <subfield code="y">BK</subfield>
  </datafield>
  <datafield tag="952" ind1=" " ind2=" ">
    <subfield code="0">0</subfield>
    <subfield code="1">0</subfield>
    <subfield code="2">ddc</subfield>
    <subfield code="4">0</subfield>
    <subfield code="7">0</subfield>
    <subfield code="8">008</subfield>
    <subfield code="a">MEVIECAR</subfield>
    <subfield code="b">MEVIECAR</subfield>
    <subfield code="d">2019-09-01</subfield>
    <subfield code="l">0</subfield>
    <subfield code="o">C ARAm</subfield>
    <subfield code="p">35004</subfield>
    <subfield code="r">2018-10-29 00:00:00</subfield>
    <subfield code="t">1</subfield>
    <subfield code="w">2018-10-29</subfield>
    <subfield code="y">BK</subfield>
  </datafield>
  <datafield tag="952" ind1=" " ind2=" ">
    <subfield code="0">0</subfield>
    <subfield code="1">0</subfield>
    <subfield code="2">ddc</subfield>
    <subfield code="4">0</subfield>
    <subfield code="7">0</subfield>
    <subfield code="8">008</subfield>
    <subfield code="a">MEVIECAR</subfield>
    <subfield code="b">MEVIECAR</subfield>
    <subfield code="d">2018-10-29</subfield>
    <subfield code="l">0</subfield>
    <subfield code="o">C ARAm</subfield>
    <subfield code="p">35005</subfield>
    <subfield code="r">2018-10-29 00:00:00</subfield>
    <subfield code="t">1</subfield>
    <subfield code="w">2018-10-29</subfield>
    <subfield code="y">BK</subfield>
  </datafield>
</record>
